Los impresos mexicanos del siglo XVI : su presencia en el patrimonio cultural del nuevo siglo /

Bibliographic Details
Main Author: Fernández de Zamora, Rosa María
Format: Book
Language:Spanish
Published: México, D.F. : Universidad Nacional Autónoma de México, 2009.
Edition:1. ed.
Series:Colección Sistemas bibliotecarios de información y sociedad.
Subjects:

MARC

Tag First Indicator Second Indicator Subfields
LEADER 00000cam a22000004a 4500
001 in00002508564
005 20151201152202.0
008 090520s2009 mx a bc 001 0 spa c
020 |a 9786072001152 
020 |a 6072001157 
035 |a (OCoLC)ocn328288647 
035 |a (OCoLC)328288647 
040 |a STF  |c STF  |d XTL  |d IXA  |d I5B  |d TXA  |d UtOrBLW 
042 |a pcc 
049 |a TXAM 
050 4 |a Z210  |b .F47 2009 
100 1 |a Fernández de Zamora, Rosa María. 
245 1 4 |a Los impresos mexicanos del siglo XVI :  |b su presencia en el patrimonio cultural del nuevo siglo /  |c Rosa María Fernández de Zamora. 
246 3 |a Impresos mexicanos del siglo 16 
246 3 |a Impresos mexicanos del siglo dieciséis 
250 |a 1. ed. 
264 1 |a México, D.F. :  |b Universidad Nacional Autónoma de México,  |c 2009. 
300 |a xvi, 370 pages :  |b illustrations ;  |c 27 cm. 
336 |a text  |b txt  |2 rdacontent 
337 |a unmediated  |b n  |2 rdamedia 
338 |a volume  |b nc  |2 rdacarrier 
490 1 |a Colección Sistemas bibliotecarios de información y sociedad 
504 |a Includes bibliographical references (pages 359-370) and index. 
650 0 |a Printing  |z Mexico  |x History  |y 16th century. 
650 0 |a Early printed books  |z Mexico  |y 16th century. 
650 0 |a Early printed books  |z Mexico  |y 16th century  |v Bibliography  |v Catalogs. 
651 0 |a Mexico  |v Imprints  |v Catalogs. 
650 4 |a Imprenta  |z Mexico  |x Historia  |y Siglo XVI. 
650 4 |a Primeros libros impresos  |z Mexico  |y Siglo XVI. 
650 4 |a Primeros libros impresos  |z Mexico  |y Siglo XVI  |v Bibliografía  |v Catálogos. 
651 4 |a México  |x Impresos  |v Catálogos. 
830 0 |a Colección Sistemas bibliotecarios de información y sociedad. 
936 |a PR 320207678 
994 |a C0  |b TXA 
948 |a cataloged  |b h  |c 2010/7/8  |d c  |e agaffey  |f 1:26:40 pm 
999 |a MARS 
999 f f |s 3b5949c0-de13-345b-ae42-864bc5571596  |i 45d2fb22-451f-3712-ae86-94f7489dce50  |t 0 
952 f f |p noncirc  |a Texas A&M University  |b College Station  |c Cushing Memorial Library & Archives  |d Cushing: Colonial Mexican Imprints (Does not check out)  |t 0  |e Z210 .F47 2009  |h Library of Congress classification  |i unmediated -- volume 
952 f f |p normal  |a Texas A&M University  |b College Station  |c Sterling C. Evans Library  |d Evans: Library Stacks  |t 0  |e Z210 .F47 2009  |h Library of Congress classification  |i unmediated -- volume  |m A14839153772 
998 f f |a Z210 .F47 2009  |t 0  |l Evans: Library Stacks 
998 f f |a Z210 .F47 2009  |t 0  |l Cushing: Colonial Mexican Imprints (Does not check out)